00736 2200169 4500001002100000005001500021035002000036245003900056100002000095250001700115300002800132260003400160082001000194084001600204650001200220520033400232INLIS00000000000027320240530054024 a0010-05240001951 aAnde-Ande lumut /cTira Ikranegara0 aTira Ikranegara acetakan ke-1 a64 hlm :bilus ;c21 cm aSurabaya :bSerba Jaya,c2008 a398.2 a398.2 TIR a 4aDongeng aDapatkan juga buku-buku terbitan "Serba Jaya" seri belajar mewarna yang lain: - Raden banterang - reog ponorogo - Danau toba - Jaka kendil - Ken Arok - Malikundang - Ande-ande lumut - Bawang merah dan bawang putih - Putri cinderella - putri salju - roro jonggrang - jaka tarub - imun emas - keong mas - sangkuriang